Actividad óptica, dispersión rotatoria óptica y dicroísmo circular en química orgánica
Enregistré dans:
| Auteur principal: | |
|---|---|
| Format: | Livre |
| Langue: | espagnol |
| Publié: |
Washington, D.C
OEA
1974
|
| Collection: | Serie de Química: Monografía. OEA, 11
|
| Sujets: | |
| Tags: |
Ajouter un tag
Pas de tags, Soyez le premier à ajouter un tag!
|
MARC
| LEADER | 00000nam a2200000 a 4500 | ||
|---|---|---|---|
| 001 | UCV3971 | ||
| 003 | CL-VaPUC | ||
| 008 | 881010e19740000US |||||||||||||||||spa|d | ||
| 082 | 0 | 4 | |a 547.17 |b CRA |2 21 |
| 100 | 0 | |a Crabbé, Pierre |e author |9 298368 | |
| 245 | 1 | 0 | |a Actividad óptica, dispersión rotatoria óptica y dicroísmo circular en química orgánica |
| 300 | |a 68 p | ||
| 942 | |c BK | ||
| 945 | |d 19881010 00:00:00 | ||
| 260 | |a Washington, D.C |b OEA |c 1974 | ||
| 650 | 7 | |a ROTACION OPTICA |2 CL-VaPUC |9 260162 | |
| 650 | 0 | |a Química orgánica |9 259426 | |
| 583 | |a last modification |c 20150713 14:24:55 |k Rodrigo Vera | ||
| 490 | 0 | |a Serie de Química: Monografía. OEA, 11 | |
| 999 | |c 211044 |d 211042 | ||
| 952 | |0 0 |1 0 |4 0 |6 547_170000000000000_CRA_1974 |7 0 |8 P |9 188524 |a BIBING |b BIBING |d 2019-11-14 |i 1659510 |o 547.17 CRA 1974 |p 1659510 |r 2023-03-02 |w 2019-11-14 |y BK |k EIQ | ||